000 00624nam a22002172 4500
001 0000005772
005 20151217145825.0
008 070717s xx 000 0 eng d
020 _a9814126373 :
_cKES 900
040 _aKABU
_cKABU
050 0 _aQA76.9
_b.D3W37 2002
100 1 _aWatson, Richard T.
_@0000154995
245 1 0 _aData management :
_bdatabases and organizations.
250 _a3rd ed.
260 _aNew Delhi :
_bJohn Wiley,
_c2002.
300 _axvi, 595 p.
650 0 _aDatabase management.
_@0000148184
908 _a070717
950 _@1
999 _c2968
_d2968